LEADER 01792nam 2200565Ia 450 001 9910780609403321 005 20230422045817.0 010 $a0-19-770734-3 010 $a1-280-83434-X 010 $a9786610834341 010 $a0-19-974889-6 035 $a(CKB)2450000000001834 035 $a(OCoLC)607554923 035 $a(CaPaEBR)ebrary10375269 035 $a(SSID)ssj0000300324 035 $a(PQKBManifestationID)11205938 035 $a(PQKBTitleCode)TC0000300324 035 $a(PQKBWorkID)10271657 035 $a(PQKB)10380829 035 $a(Au-PeEL)EBL3053690 035 $a(CaPaEBR)ebr10375269 035 $a(CaONFJC)MIL83434 035 $a(OCoLC)922969852 035 $a(MiAaPQ)EBC3053690 035 $a(EXLCZ)992450000000001834 100 $a19991001d2000 uy 0 101 0 $aeng 135 $aurcn||||||||| 181 $ctxt 182 $cc 183 $acr 200 13$aAn introduction to healthcare organizational ethics$b[electronic resource] /$fRobert T. Hall 210 $aOxford ;$aNew York $cOxford University Press$d2000 215 $a1 online resource (278 p.) 300 $aBibliographic Level Mode of Issuance: Monograph 311 $a0-19-513560-1 320 $aIncludes bibliographical references and index. 606 $aHealth maintenance organizations$xMoral and ethical aspects 606 $aMedical ethics 615 0$aHealth maintenance organizations$xMoral and ethical aspects. 615 0$aMedical ethics. 676 $a362.1/04258 700 $aHall$b Robert T$g(Robert Tom),$f1938-$01469576 801 0$bMiAaPQ 801 1$bMiAaPQ 801 2$bMiAaPQ 906 $aBOOK 912 $a9910780609403321 996 $aAn introduction to healthcare organizational ethics$93681110 997 $aUNINA